| Tag |
First Indicator |
Second Indicator |
Subfields |
| LEADER |
00000cam a2200000 i 4500 |
| 001 |
in00005640113 |
| 006 |
m o d |
| 007 |
cr bn||||||abp |
| 007 |
cr bn||||||ada |
| 008 |
110609s1978 oku os s000 0 eng d |
| 005 |
20250331202650.4 |
| 035 |
|
|
|a (OCoLC)ocn729770571
|
| 040 |
|
|
|a OCLCE
|b eng
|e pn
|c OCLCE
|d OCLCQ
|d OCLCF
|d OCLCO
|d OCLCQ
|d SFB
|d UAB
|d OCLCQ
|d OCLCO
|d OCLCL
|d OCLCO
|
| 019 |
|
|
|a 1178561534
|a 1225267706
|a 1227422620
|a 1247626795
|a 1247632922
|
| 035 |
|
|
|a (OCoLC)729770571
|z (OCoLC)1178561534
|z (OCoLC)1225267706
|z (OCoLC)1227422620
|z (OCoLC)1247626795
|z (OCoLC)1247632922
|
| 042 |
|
|
|a dlr
|
| 043 |
|
|
|a n-us-ok
|
| 050 |
|
4 |
|a HD8081
|b .A2 1978a
|
| 082 |
0 |
4 |
|a 331.4/09766/38
|
| 049 |
|
|
|a TXAM
|
| 110 |
2 |
|
|a Oklahoma Human Rights Commission.
|1 https://id.oclc.org/worldcat/entity/E39QH7Jmrxq6DbbmVMwdvwxQFg
|
| 245 |
1 |
0 |
|a Female, racial, and ethnic employment :
|b State and private workforces in the Oklahoma City SMSA /
|c prepared by Oklahoma Human Rights Commission and Governor's Advisory Commission on the Status of Women ; [data analysis prepared by Nancy K. Ireland].
|
| 260 |
|
|
|a [Oklahoma City] :
|b Oklahoma Human Rights Commission,
|c 1978.
|
| 300 |
|
|
|a 1 online resource (40 pages)
|
| 336 |
|
|
|a text
|b txt
|2 rdacontent
|
| 337 |
|
|
|a computer
|b c
|2 rdamedia
|
| 338 |
|
|
|a online resource
|b cr
|2 rdacarrier
|
| 538 |
|
|
|a Master and use copy. Digital master created according to Benchmark for Faithful Digital Reproductions of Monographs and Serials, Version 1. Digital Library Federation, December 2002.
|u http://purl.oclc.org/DLF/benchrepro0212
|5 MiAaHDL
|
| 583 |
1 |
|
|a digitized
|c 2011
|h HathiTrust Digital Library
|l committed to preserve
|2 pda
|5 MiAaHDL
|
| 588 |
0 |
|
|a Print version record.
|
| 546 |
|
|
|a In English.
|
| 546 |
|
|
|a Original language in English.
|
| 650 |
|
0 |
|a Minorities
|x Employment
|z Oklahoma
|z Oklahoma City Metropolitan Area
|v Statistics.
|
| 650 |
|
0 |
|a Women
|x Employment
|z Oklahoma
|z Oklahoma City Metropolitan Area
|v Statistics.
|
| 650 |
|
0 |
|a Labor supply
|z Oklahoma
|z Oklahoma City Metropolitan Area
|v Statistics.
|
| 650 |
|
7 |
|a Labor supply
|2 fast
|
| 650 |
|
7 |
|a Minorities
|x Employment
|2 fast
|
| 650 |
|
7 |
|a Women
|x Employment
|2 fast
|
| 651 |
|
7 |
|a Oklahoma
|z Oklahoma City Metropolitan Area
|2 fast
|
| 655 |
|
7 |
|a Electronic books.
|2 local
|
| 655 |
|
7 |
|a Statistics
|2 fast
|
| 700 |
1 |
|
|a Ireland, Nancy K.
|
| 710 |
2 |
|
|a Alexander Street (Firm)
|
| 710 |
1 |
|
|a Oklahoma.
|b Governor's Advisory Commission on the Status of Women.
|
| 776 |
0 |
8 |
|i Print version:
|a Oklahoma Human Rights Commission.
|t Female, racial, and ethnic employment.
|d [Oklahoma City] : Oklahoma Human Rights Commission, 1978
|w (DLC) 78623101
|w (OCoLC)5240966
|
| 856 |
4 |
0 |
|u http://proxy.library.tamu.edu/login?url=https://www.aspresolver.com/aspresolver.asp?WASS;2604377
|z Connect to the full text of this electronic book
|t 0
|
| 955 |
|
|
|a Alexander Street - Women and Social Movement in the United States 1600-2000
|
| 994 |
|
|
|a 92
|b TXA
|
| 999 |
f |
f |
|s 957c9fbe-dbce-447e-ac03-08f309ebb79a
|i c3e961c4-70da-4797-8822-56d05f764295
|t 0
|
| 952 |
f |
f |
|a Texas A&M University
|b College Station
|c Electronic Resources
|d Available Online
|t 0
|e HD8081 .A2 1978a
|h Library of Congress classification
|
| 998 |
f |
f |
|a HD8081 .A2 1978a
|t 0
|l Available Online
|